| 000 | 00450nam a2200193Ia 4500 | ||
|---|---|---|---|
| 005 | 20240823013928.0 | ||
| 008 | 240823s9999||||xx |||||||||||||| ||und|| | ||
| 041 | _aENGLISH | ||
| 082 | _A420 P4 | ||
| 100 | _aNagarajan S | ||
| 245 | 0 | _aEngineering English I and II | |
| 250 | _a1st | ||
| 260 |
_c2004 _b"SriKrishna,Ch" _aChennai |
||
| 500 | _aTRANSFERED | ||
| 650 |
_aENG _bEnglish |
||
| 700 | _a Senthil C S | ||
| 942 | _cBK | ||
| 999 |
_c168634 _d168634 |
||